[Event "TCh-FRA Top 16 Gp A/B"]
[Site "Clichy"]
[Date "2007.06.03"]
[Round "11.4"]
[White "Strugnell, Carl"]
[Black "Koch, Jean Rene"]
[Result "0-1"]
[WhiteElo "2225"]
[BlackElo "2451"]
[PlyCount "48"]
[EventDate "2007.05.??"]
[EventType "team"]
[EventRounds "11"]
[EventCountry "FRA"]
[SourceDate "2007.01.01"]
[WhiteTeam "Creteil"]
[WhiteTeamCountry "FRA"]
[BlackTeamCountry "FRA"]

1. e4 c5 2. Nf3 g6 3. d4 Bg7 4. Nc3 cxd4 5. Nxd4 Nc6 6. Be3 Nf6 7. Nxc6 bxc6 8.
e5 Ng8 9. Bd4 f6 10. f4 Nh6 11. Qe2 O-O 12. Qc4+ Kh8 13. Bd3 fxe5 14. fxe5 e6
15. O-O-O Ng4 16. Qc5 Nxe5 17. Ne4 d5 18. Rhf1 Bd7 19. Qc3 dxe4 20. Bxe4 Rxf1
21. Rxf1 Qc7 22. Qg3 Kg8 23. Kb1 Rc8 24. Qg5 Qd6 0-1

[Event "TCh-FRA Top 16 Gp A/B"]
[Site "Clichy"]
[Date "2007.06.03"]
[Round "11.5"]
[White "Hisler, Thomas"]
[Black "Brih, Said"]
[Result "0-1"]
[WhiteElo "2223"]
[BlackElo "2222"]
[PlyCount "67"]
[EventDate "2007.05.??"]
[EventType "team"]
[EventRounds "11"]
[EventCountry "FRA"]
[SourceDate "2007.01.01"]
[WhiteTeam "Metz"]
[BlackTeam "Creteil"]
[WhiteTeamCountry "FRA"]
[BlackTeamCountry "FRA"]

1. e4 c5 2. Nc3 Nc6 3. g3 g6 4. Bg2 Bg7 5. d3 d6 6. Be3 Nd4 7. Qd2 e5 8. f4 Nf6
9. Nge2 Ng4 10. Bg1 Nxe2 11. Qxe2 exf4 12. gxf4 Qh4+ 13. Kd2 O-O 14. Rf1 a5 15.
h3 Nf6 16. Qe1 Qxe1+ 17. Rxe1 Nh5 18. Be3 Bh6 19. Rhf1 f5 20. Nd5 fxe4 21. dxe4
Rf7 22. f5 Bxe3+ 23. Rxe3 Bd7 24. e5 dxe5 25. fxg6 hxg6 26. Rxf7 Kxf7 27. Rxe5
Re8 28. Rxe8 Bxe8 29. Ke3 Bc6 30. h4 Ng3 31. Bf3 Nf5+ 32. Kf4 Nxh4 33. Be4 Nf5
34. c4 0-1

[Event "TCh-FRA Top 16 Gp A/B"]
[Site "Clichy"]
[Date "2007.06.03"]
[Round "11.6"]
[White "Romieux, Sebastien"]
[Black "Pucher, Olivier"]
[Result "1/2-1/2"]
[WhiteElo "2243"]
[BlackElo "2315"]
[PlyCount "69"]
[EventDate "2007.05.??"]
[EventType "team"]
[EventRounds "11"]
[EventCountry "FRA"]
[SourceDate "2007.01.01"]
[WhiteTeam "Creteil"]
[WhiteTeamCountry "FRA"]
[BlackTeamCountry "FRA"]

1. e4 c5 2. Nf3 e6 3. d4 cxd4 4. Nxd4 Nc6 5. Nb5 d6 6. Bf4 e5 7. Be3 a6 8. N5c3
Nf6 9. Bg5 Be7 10. Bxf6 Bxf6 11. Nd2 Be6 12. Nc4 Nd4 13. Bd3 Bg5 14. a4 O-O 15.
O-O Rc8 16. Nd5 Bxd5 17. exd5 g6 18. b3 b5 19. axb5 axb5 20. Na5 Qb6 21. b4 f5
22. Nb3 Nxb3 23. cxb3 Rc3 24. Ra5 Qd4 25. Be2 Bd2 26. Bxb5 Qxb4 27. Ra7 Rxb3
28. Bd7 Rb8 29. Be6+ Kh8 30. g3 Rb1 31. Qc2 Rxf1+ 32. Kxf1 Qb1+ 33. Qxb1 Rxb1+
34. Ke2 Bb4 35. Ra8+ 1/2-1/2

[Event "TCh-FRA Top 16 Gp A/B"]
[Site "Clichy"]
[Date "2007.06.03"]
[Round "11.7"]
[White "Taddei, Benoit"]
[Black "Larrat, Philippe"]
[Result "1-0"]
[WhiteElo "2247"]
[BlackElo "2174"]
[PlyCount "117"]
[EventDate "2007.05.??"]
[EventType "team"]
[EventRounds "11"]
[EventCountry "FRA"]
[SourceDate "2007.01.01"]
[WhiteTeam "Metz"]
[BlackTeam "Creteil"]
[WhiteTeamCountry "FRA"]
[BlackTeamCountry "FRA"]

1. e4 c5 2. Nf3 Nc6 3. d4 cxd4 4. Nxd4 g6 5. c4 Nf6 6. Nc3 d6 7. Nc2 Bg7 8. Be2
O-O 9. O-O Be6 10. Be3 Ne8 11. Qd2 f5 12. exf5 Bxf5 13. Nd4 Nc7 14. Rad1 Bd7
15. Nf3 Bg4 16. Ng5 Bxe2 17. Qxe2 h6 18. Nge4 b6 19. f4 Qe8 20. Qg4 Qf7 21. Qd7
Bxc3 22. Qxc6 Bxb2 23. Qxc7 Rac8 24. Qb7 Rxc4 25. Rf2 Qe6 26. Rxb2 Rxe4 27. Bf2
Rfxf4 28. Qd5 Qxd5 29. Rxd5 Rc4 30. Rd1 d5 31. Be3 Rf5 32. Bxh6 g5 33. Rf1 Re5
34. Rbf2 Rc6 35. Bf8 d4 36. Rf7 Rce6 37. h3 d3 38. Bg7 Re1 39. Bc3 Rxf1+ 40.
Rxf1 Rc6 41. Rc1 b5 42. a3 g4 43. hxg4 Rc4 44. Kf2 Rf4+ 45. Kg3 Ra4 46. Bb4 e5
47. Rd1 a5 48. Bd6 e4 49. Kf4 Rc4 50. Ke3 b4 51. axb4 axb4 52. Be5 b3 53. Bd4
Kf7 54. Rd2 Rc2 55. Rxc2 bxc2 56. Kd2 Ke6 57. Be3 Kd5 58. Kc3 Ke5 59. Kc4 1-0

[Event "TCh-FRA Top 16 Gp A/B"]
[Site "Clichy"]
[Date "2007.06.03"]
[Round "11.8"]
[White "Lam, Sophie"]
[Black "Leclair, Marie"]
[Result "1-0"]
[WhiteElo "2064"]
[BlackElo "2024"]
[PlyCount "109"]
[EventDate "2007.05.??"]
[EventType "team"]
[EventRounds "11"]
[EventCountry "FRA"]
[SourceDate "2007.01.01"]
[WhiteTeam "Creteil"]
[WhiteTeamCountry "FRA"]
[BlackTeamCountry "FRA"]

1. e4 c5 2. Nf3 Nc6 3. d4 cxd4 4. Nxd4 Nf6 5. Nc3 d6 6. Be2 e6 7. O-O Be7 8.
Kh1 O-O 9. Be3 a6 10. f4 Nxd4 11. Qxd4 Bd7 12. Rad1 Bc6 13. Bf3 Qc7 14. Qd2 b5
15. a3 Rfd8 16. Qf2 Qb7 17. e5 Ne8 18. Bxc6 Qxc6 19. Bd4 Rac8 20. Rde1 d5 21.
Rd1 Rd7 22. Ne2 Rb7 23. Be3 Bc5 24. Bxc5 Qxc5 25. Nd4 Qe7 26. Qf3 f6 27. exf6
Qxf6 28. f5 e5 29. Qxd5+ Rf7 30. Ne6 Rxc2 31. Nd8 Nc7 32. Qb3 Rc4 33. Nxf7 Qxf7
34. Qe3 Qf6 35. b3 Rc6 36. Rc1 Rxc1 37. Rxc1 Qf7 38. Qxe5 Ne8 39. Re1 Kf8 40.
Qc5+ Kg8 41. Qc8 Kf8 42. Qxa6 Qxb3 43. Qc8 Qf7 44. Qc5+ Kg8 45. Qxb5 Nf6 46.
Qb8+ Qf8 47. Qxf8+ Kxf8 48. a4 Nd7 49. a5 Nb8 50. Rb1 Na6 51. Rb6 Nc7 52. a6
Ke7 53. a7 Kd7 54. Rb7 Kc6 55. Rxc7+ 1-0